| 000 -LEADER |
| fixed length control field |
00403cam a22001097a 4500 |
| 008 - FIXED-LENGTH DATA ELEMENTS--GENERAL INFORMATION |
| fixed length control field |
180718b1955 xxu||||| |||| 00| 0 eng d |
| 082 ## - DEWEY DECIMAL CLASSIFICATION NUMBER |
| Classification number |
Q55x497 Y9 |
| 245 ## - TITLE STATEMENT |
| Title |
Law on Health insurance of workers and employees |
| Statement of responsibility, etc. |
by The Federal Social Security Institute, Beograd |
| 260 ## - PUBLICATION, DISTRIBUTION, ETC. |
| Place of publication, distribution, etc. |
Beograd |
| Name of publisher, distributor, etc. |
The Federal Social Security Institute |
| Date of publication, distribution, etc. |
1955 |
| 300 ## - PHYSICAL DESCRIPTION |
| Extent |
42p. |
| 700 ## - ADDED ENTRY--PERSONAL NAME |
| Personal name |
Serbia.The Federal Social Security Institute |